|
|
|
|
| LEADER |
00686cam a2200217ua 4500 |
| 020 |
|
|
|a 81-7141-961-5
|
| 082 |
|
|
|a 305.20 82
|b BEH/S
|
| 100 |
|
|
|a Behura, N. K
|
| 245 |
1 |
0 |
|a Status and empowerment of the girl child: Aspects in cross-cultural context /
|
| 250 |
|
|
|a 1st ed.
|
| 260 |
|
|
|a New Delhi:
|b Discovery,
|c 2005.
|
| 300 |
|
|
|a 182p..
|
| 500 |
|
|
|a Includes index.
|
| 650 |
|
|
|a Indian Sociology
|
| 650 |
0 |
|
|a Care for girl child
|
| 650 |
0 |
|
|a Women in Society
|
| 650 |
0 |
|
|a Sociology
|
| 700 |
0 |
2 |
|a Mohanty,, R. P.
|
| 942 |
|
|
|c BK
|
| 999 |
|
|
|c 14428
|d 14428
|
| 952 |
|
|
|0 0
|1 0
|4 0
|6 305_200000000000000_82_BEH
|7 0
|9 15041
|a KUCL
|b KUCL
|d 2014-05-23
|l 0
|o 305.20 82 BEH/
|p 16803
|r 2014-05-23
|w 2014-05-23
|y BK
|